000
00315nam a2200133Ia 4500
008
240624s9999 xx 000 0 und d
041
_a
eng
082
_a
920 BRA
100
_a
BRADFORD SARAH
245
_a
DIANA
260
_c
2006
_a
New York
_b
Penguin Books
300
_a
xvi, : 443 : p. : cm. ; 23
365
_c
RS
_b
50
999
_c
7727
_d
7727